| 000 | 00564nam a22001937a 4500 | ||
|---|---|---|---|
| 003 | OSt | ||
| 005 | 20140310182824.0 | ||
| 008 | 130525t xxu||||| |||| 00| 0 eng d | ||
| 050 |
_aPN 5426 _b.R696 2000 |
||
| 082 |
_aFIL 9220 _bR61 2000 |
||
| 245 |
_aCronicas : _brandom recollections of a Spanish journalist in the Philippines _cRodriguez, Jose |
||
| 260 |
_aPasig City : _bAnvil, _cc2000. |
||
| 300 |
_axxii, 116 p. : _bill. ; _c23 cm. |
||
| 521 | _acollege students | ||
| 526 | _c1210L-1700L | ||
| 541 | _j1 | ||
| 562 | _e1 | ||
| 942 |
_2lcc _cBK _kFIL |
||
| 999 |
_c16461 _d16461 |
||